000 00779nam a22002177a 4500
003 OSt
005 20260316062027.0
008 260316b |||||||| |||| 00| 0 eng d
020 _a978-0-545-56468-7
040 _aDWCL GS lib
_cOC
082 _aR573t 2012
100 _aRILEY, CLIFFORD
245 _aThe 39 clues: Cahill files: spymasters, book 2
_c CLIFFORD RILEY
260 _aNew York
_bScholastic Inc
_c2012
300 _a250 p
_c19 cm
520 _aa collection of three fast-paced historical adventures highlighting the Cahill family's secret influence on world history.
650 _aexplore the influence of the Cahill family throughout history.
650 _aloyalty, sacrifice, and the personal cost of duty.
700 _aCLIFFORD RILEY
942 _2ddc
_cFIC.
_n0
999 _c9148
_d9148